Оценка "авторитетности" пользователей социальной сети по заданной предметной области (на примере социальной сети Twitter); Информационные технологии в науке, управлении, социальной сфере и медицине; Ч. 1

Bibliografische gegevens
Parent link:Информационные технологии в науке, управлении, социальной сфере и медицине: сборник научных трудов III Международной научной конференции, 23-26 мая 2016 г., Томск.— , 2016
Ч. 1.— 2016.— [С. 450-453]
Hoofdauteur: Замятина В. С.
Coauteur: Национальный исследовательский Томский политехнический университет (ТПУ)
Andere auteurs: Лунёва Е. Е. Елена Евгеньевна
Samenvatting:Заглавие с титульного экрана
Nowadays social networks are frequently used to express personal opinion on a topic of interest. Some users' opinion has more informational influence then others. This kind of users are called “authoritative user”. There are existing tools to access influence of social network users, but none of them allow to distinct users expressing their opinion on different subjects. This article describes the developed application component which provides an opportunity to estimate informational influence of users in a given area of knowledge.
Taal:Russisch
Gepubliceerd in: 2016
Reeks:Сетевые модели и приложения
Onderwerpen:
Online toegang:http://earchive.tpu.ru/handle/11683/31612
Formaat: Elektronisch Hoofdstuk
KOHA link:https://koha.lib.tpu.ru/cgi-bin/koha/opac-detail.pl?biblionumber=619404

MARC

LEADER 00000naa2a2200000 4500
001 619404
005 20231101133047.0
035 |a (RuTPU)RU\TPU\conf\17821 
035 |a RU\TPU\conf\17818 
090 |a 619404 
100 |a 20160819d2016 k y0rusy50 ca 
101 0 |a rus 
102 |a RU 
105 |a y z 101zy 
135 |a drcn ---uucaa 
181 0 |a i  
182 0 |a b 
200 1 |a Оценка "авторитетности" пользователей социальной сети по заданной предметной области (на примере социальной сети Twitter)  |d Estimation of social network users authority in a given area of knowledge (by the example of Twitter social network)  |f В. С. Замятина, Е. Е. Лунёва 
203 |a Текст  |c электронный 
225 1 |a Сетевые модели и приложения 
230 |a 1 компьютерный файл (pdf; 493 Kb) 
300 |a Заглавие с титульного экрана 
320 |a [Библиогр.: с. 453 (5 назв.)] 
330 |a Nowadays social networks are frequently used to express personal opinion on a topic of interest. Some users' opinion has more informational influence then others. This kind of users are called “authoritative user”. There are existing tools to access influence of social network users, but none of them allow to distinct users expressing their opinion on different subjects. This article describes the developed application component which provides an opportunity to estimate informational influence of users in a given area of knowledge. 
461 1 |0 (RuTPU)RU\TPU\conf\17281  |t Информационные технологии в науке, управлении, социальной сфере и медицине  |o сборник научных трудов III Международной научной конференции, 23-26 мая 2016 г., Томск  |o в 2 ч.  |d 2016 
463 1 |0 (RuTPU)RU\TPU\conf\17283  |t Ч. 1  |f Национальный исследовательский Томский политехнический университет (ТПУ) ; ред. кол. О. Г. Берестнева ; О. М. Гергет ; Т. А. Гладкова  |v [С. 450-453]  |d 2016 
510 1 |a Estimation of social network users authority in a given area of knowledge (by the example of Twitter social network)  |z eng 
610 1 |a труды учёных ТПУ 
610 1 |a электронные ресурсы 
610 1 |a социальные сети 
610 1 |a Twitter 
610 1 |a пользователи 
610 1 |a авторитетность 
610 1 |a социальные сети 
700 1 |a Замятина  |b В. С. 
701 1 |a Лунёва  |b Е. Е.  |c специалист в области информатики и вычислительной техники  |c доцент Томского политехнического университета, кандидат технических наук, ведущий программист  |f 1981-  |g Елена Евгеньевна  |2 stltpush  |3 (RuTPU)RU\TPU\pers\25734 
712 0 2 |a Национальный исследовательский Томский политехнический университет (ТПУ)  |c (2009- )  |2 stltpush  |3 (RuTPU)RU\TPU\col\15902 
801 2 |a RU  |b 63413507  |c 20170410  |g RCR 
856 4 |u http://earchive.tpu.ru/handle/11683/31612 
942 |c BK